000 01276nam a2200217Ia 4500
999 _c17787
_d17787
003 OSt
005 20210908103135.0
008 160316s1997 xxu||||| |||| 00| 0 eng d
020 _a9780792344674
040 _cn
082 _a342.085000
_bWEL
100 _aWellman Carl
245 _aAn approach to rights : Studies in the philosophy of law and morals
260 _aLondon
_bKluwer Academic Publishers
_c1997
300 _a271p
_cix
365 _bGratis
505 _aTable of contents 1. Seeking a Theory of Rights; 2. Upholding Legal Rights; 3. Legal Rights; 4. A New Conception of Human Rights; 5. Consent to Medical Research on Children; 6. Taking Economic Rights Seriously; 7. Moral Rights and Positive Law; 8. The Growth of Children's Rights; 9. Terrorism and Moral Rights; 10. Judicial Discretion and Constitutional Law; 11. The Right to Privacy and Personal Autonomy; 12. Social Justice and Human Rights; 13. Violence, Law, and Basic Rights; 14. Politics and Constitutional Rights; 15. Interpreting the Bill of Rights; 16. The Inalienable Right to Life; Bibliography; Index of Names; Index of Subjects.
650 _a1. Human Rights Theories 2. Human Rights - Philosophy 3. Human Rights - Law - Morals
700 _a
_a
942 _2ddc
_cBK